000 00942nam a2200289 i 4500
001 000027357
003 DO-SdBNP
005 20251030135345.0
007 ta
008 110331s1985 dr ac r 000 | spa d
020 _a8449993067
040 _aDO-SdBNP
_bspa
_cBNPHU
_erda
041 _aspa
082 4 _a972.93052
_bB171i 1985
_222
100 1 _a Balaguer, Joaquín,
_d1906-2002
_eautor
_4aut.
_976556
245 1 3 _aLa isla al revés :
_bHaití y el destino dominicano /
_cJoaquín Balaguer.
250 _aTercera edición
264 1 _aSanto Domingo :
_bLibrería Dominicana,
_c1985.
300 _a257 páginas :
_bilustraciones, retratos ;
_c23 cm.
336 _atexto
_btxt
_2rdacontent
337 _asin mediación
_bn
_2rdamedia
338 _avolumen
_bnc
_2rdacarrier
500 _aIncluye referencias bibliográficas y notas al pie de las páginas.
590 _aInventariado, 2025/BT
910 _aBtavárez
942 _2ddc
_cLBS1
999 _c26849
_d26849